| 000 | 00869nmm a2200289 a 4500 | ||
|---|---|---|---|
| 003 | AR-BaBNM | ||
| 005 | 20251128204524.0 | ||
| 008 | 011101s1995 ||||||||||||||000 | spa|| | ||
| 020 | _a950-20-0634-8 | ||
| 040 | _cAR-BaBNM | ||
| 100 | 1 | _aMazzucco, Patricia Olga | |
| 245 | 1 | 0 |
_aDiccionario bilingüe de terminología jurídica _binglés-castellano : castellano-inglés |
| 250 | _a2ª ed. aum. | ||
| 260 |
_aBuenos Aires _bAbeledo-Perrot _c1995 |
||
| 300 | 0 | _a704 p. | |
| 500 | 0 | _aNotas del traductor: p.577-594 | |
| 500 | 0 | _aIndice alfabético inglés: p. 601-657 | |
| 500 | 0 | _aIndice alfabético castellano: p. 659-701 | |
| 504 | _aBibliografía: p.597-598 | ||
| 650 | 4 | _aDICCIONARIOS | |
| 650 | 4 | _aSISTEMAS JURIDICOS | |
| 650 | 4 | _aDERECHO | |
| 650 | 4 | _aCIENCIAS JURIDICAS | |
| 700 | 1 | _aMaranghello, Alejandra Hebe | |
| 942 | _cBK | ||
| 998 | _cEthel | ||
| 999 |
_c7762 _d7762 |
||